पुरानी धरती का बेटा (Record no. 891589)

MARC details
000 -LEADER
fixed length control field 01062nam a2200253Ia 4500
003 - CONTROL NUMBER IDENTIFIER
control field OSt
005 - DATE AND TIME OF LATEST TRANSACTION
control field 20220930190100.0
008 - FIXED-LENGTH DATA ELEMENTS--GENERAL INFORMATION
fixed length control field 220926b |||||||| |||| 00| 0 hin d
037 ## - SOURCE OF ACQUISITION
Terms of availability Textbook
040 ## - CATALOGING SOURCE
Original cataloging agency CRL
Transcribing agency CRL
Language of cataloging hin
041 ## - LANGUAGE CODE
Source of code hin
Language code of text/sound track or separate title hin
100 ## - MAIN ENTRY--PERSONAL NAME
Personal name विद्यालंकार, महाव्रत, अनु.
9 (RLIN) 165984
245 #0 - TITLE STATEMENT
Title पुरानी धरती का बेटा
Remainder of title मंगोलिया के कालजयी लेखक नात्स्गदोर्ल की रचनाएॅं
246 ## - VARYING FORM OF TITLE
Title proper/short title Sarojanī nāyaḍū
260 ## - PUBLICATION, DISTRIBUTION, ETC.
Place of publication, distribution, etc. नई दिल्ली,
Name of publisher, distributor, etc. साहित्य अकादेमी, भारत
Date of publication, distribution, etc. 1966
300 ## - PHYSICAL DESCRIPTION
Extent 120पृ0
Dimensions cm.
942 ## - ADDED ENTRY ELEMENTS (KOHA)
Classification part O496,6M06x, 152K6
Koha item type Textbook
Source of classification or shelving scheme Colon Classification (CC)

No items available.

Copyright @ Delhi University Library System